| 000 | 01136nab a22002537a 4500 | ||
|---|---|---|---|
| 999 |
_c6525 _d6525 |
||
| 003 | OSt | ||
| 005 | 20260219123605.0 | ||
| 008 | 190429b xxu||||| |||| 00| 0 spa d | ||
| 040 | _cPJ | ||
| 100 |
_95637 _aPravia, Alberto |
||
| 245 | 1 | 3 |
_aLa importancia de juzgar con perspectiva de género / _cMicaela Pierolivo. |
| 260 |
_cCiudad Autónoma de Buenos Aires : _aThomson Reuters La Ley, _b2024. |
||
| 300 | _ap. 69-76 | ||
| 500 | _aCita: TR LALEY AR/DOC/1705/2024 | ||
| 505 | _aFallo comentado: Trib. Impugnación Penal, Santa Rosa, Sala Unipersonal ~ 21/11/2023 ~ C. S. s/ recurso de impugnación por reenvío. | ||
| 505 | _tSi te interesa el texto completo, solicitalo a koha@justierradelfuego.gov.ar | ||
| 650 | 0 |
_9343 _aDERECHO PENAL |
|
| 650 | 0 |
_92902 _aDELITOS CONTRA LA INTEGRIDAD SEXUAL |
|
| 650 | 0 |
_94467 _aABUSO SEXUAL CALIFICADO POR ACCESO CARNAL |
|
| 650 | 0 |
_93053 _aVIOLENCIA DE GÉNERO |
|
| 650 | 0 |
_94044 _aPERSPECTIVA DE GÉNERO |
|
| 773 | 0 |
_02658 _93164 _tRevista de derecho penal y criminología. Nº 8 - Agosto 2024 _dCiudad Autónoma de Buenos Aires : Thomson Reuters La Ley, 2017- _x00347914 |
|
| 942 |
_2udc _cANA |
||